El fraude de la chaptalización en vinos de la Unión Europea (Record no. 186718)

MARC details
000 -LEADER
campo de control de longitud fija 01366nam a2200313 i 4500
001 - NÚMERO DE CONTROL
campo de control 186718
003 - IDENTIFICADOR DE NÚMERO DE CONTROL
campo de control ES-MaACL
005 - FECHA Y HORA DE LA ÚLTIMA TRANSACCIÓN
campo de control 20231212100706.0
008 - DATOS DE LONGITUD FIJA--INFORMACIÓN GENERAL
campo de control de longitud fija 170208s2014 sp a |||| |dspa d
020 ## - NÚMERO INTERNACIONAL ESTÁNDAR DEL LIBRO
Número Internacional Estándar del Libro 978-84-941980-0-7
080 ## - NÚMERO DE LA CLASIFICACIÓN DECIMAL UNIVERSAL
Número de la Clasificación Decimal Universal 663.25
100 1# - ENTRADA PRINCIPAL--NOMBRE DE PERSONA
Nombre de persona Yravedra, Gabriel.
9 (RLIN) 161673
245 13 - MENCIÓN DEL TÍTULO
Título El fraude de la chaptalización en vinos de la Unión Europea
Resto del título : incluye apéndices explicativos sobre los temas que se tratan en el texto principal y anejos específicos sobre legislación vitivinícola de la Unión Europea /
Mención de responsabilidad, etc. Gabriel Yravedra.
246 33 - FORMA VARIANTE DEL TITULO
Texto de visualización Subt. en verso de port.
Título propio/Titulo breve Incluye apéndices sobre legislación vitivinícola de la Unión Europea y la Ley de la Viña y el Vino
250 ## - MENCION DE EDICION
Mención de edición 1ª ed.
260 ## - PUBLICACIÓN, DISTRIBUCIÓN, ETC.
Lugar de publicación, distribución, etc. Madrid :
Nombre del editor, distribuidor, etc. A. Madrid Vicente (AMV),
Fecha de publicación, distribución, etc. 2014.
300 ## - DESCRIPCIÓN FÍSICA
Extensión 221 p. :
Otras características físicas il. ;
Dimensiones 24 cm.
504 ## - NOTA DE BIBLIOGRAFÍA, ETC.
Nota de bibliografía, etc. Bibliografía: p. 91-92.
650 #4 - PUNTO DE ACCESO ADICIONAL DE MATERIA--TÉRMINO DE MATERIA
Término de materia o nombre geográfico como elemento de entrada Vinificación.
9 (RLIN) 156738
650 #4 - PUNTO DE ACCESO ADICIONAL DE MATERIA--TÉRMINO DE MATERIA
Término de materia o nombre geográfico como elemento de entrada Industria vitivínicola.
9 (RLIN) 141183
650 04 - PUNTO DE ACCESO ADICIONAL DE MATERIA--TÉRMINO DE MATERIA
Término de materia o nombre geográfico como elemento de entrada Vinos.
9 (RLIN) 17810
740 02 - ENTRADA AGREGADA--TÍTULO RELACIONADO/ANALÍTICO NO CONTROLADO
Título relacionado o analítico no controlado Legislación vitivinícola de la Unión Europea.
740 02 - ENTRADA AGREGADA--TÍTULO RELACIONADO/ANALÍTICO NO CONTROLADO
Título relacionado o analítico no controlado Ley de la Viña y el Vino.
852 ## - LOCALIZACIÓN
Ubicación ES-MaACL
Número de control de estantería A-14009
itemnumber 193775
Sublocalización o colección R.151277
Ubicación en estantería Depósito 1
Signatura antigua Olim: N-7009
Anotaciones manuscritas Dedicatoria autógrafa del autor
Donativo/Legado Donación: Gabriel Yravedra
903 ## - NOMBRE PERSONAL DE DONANTE
9 161673
a Yravedra, Gabriel
e Donante
942 ## - ELEMENTOS DE ENTRADA SECUNDARIOS (KOHA)
Fuente del sistema de clasificación o colocación Clasificación decimal universal
Tipo de ítem Koha Libro impreso
Holdings
Estatus retirado Estado de pérdida Fuente del sistema de clasificación o colocación Estado de daño No para préstamo Colección Biblioteca de origen Biblioteca actual Ubicación en estantería Fecha de adquisición Fuente de adquisición Total de préstamos Signatura topográfica completa Código de barras Visto por última vez Precio de reemplazo Tipo de ítem Koha Nota pública
    Clasificación decimal universal     Libros con dedicatorias Biblioteca del Ateneo de Madrid Biblioteca del Ateneo de Madrid Depósito 1 08/02/2017 Donación   A-14009 1196952 23/02/2023 23/02/2023 Libro impreso Dedicatoria autógrafa del autor